000 00432nam a2200157 4500
999 _c7011
_d7011
008 020610s1966 enk engLO
100 1 _aMcIntosh, Amy B.
245 1 0 _aMay Roy :
_bmissionary to Kashmir and the Philippines /
_cAmy B. McIntosh.
260 _aLondon :
_bOliphants Ltd.,
_cc1966.
300 _a127 p. ;
_c19 cm.
336 _atext
337 _aunmediated
338 _avolume
600 1 4 _aRoy, May.
942 _2lcc
_cBK